The Marx-Engels reader / (Record no. 2781)
[ view plain ]
| 000 -LEADER | |
|---|---|
| fixed length control field | 00739cam a2200229 4500 |
| 001 - CONTROL NUMBER | |
| control field | 3435 |
| 005 - DATE AND TIME OF LATEST TRANSACTION | |
| control field | 20181127171212.0 |
| 008 - FIXED-LENGTH DATA ELEMENTS--GENERAL INFORMATION | |
| fixed length control field | 771019s1978 nyu b 001 0 eng |
| 010 ## - LIBRARY OF CONGRESS CONTROL NUMBER | |
| LC control number | 77016635 |
| 020 ## - INTERNATIONAL STANDARD BOOK NUMBER | |
| International Standard Book Number | 0393056848 |
| International Standard Book Number | 041517363x |
| 245 04 - TITLE STATEMENT | |
| Title | The Marx-Engels reader / |
| Statement of responsibility, etc. | edited by Robert C. Tucker. |
| 250 ## - EDITION STATEMENT | |
| Edition statement | 2nd ed. |
| 260 ## - PUBLICATION, DISTRIBUTION, ETC. | |
| Place of publication, distribution, etc. | New York : |
| Name of publisher, distributor, etc. | Norton, |
| Date of publication, distribution, etc. | c1978. |
| 300 ## - PHYSICAL DESCRIPTION | |
| Extent | xlii, 788 p. ; |
| Dimensions | 22 cm. |
| 504 ## - BIBLIOGRAPHY, ETC. NOTE | |
| Bibliography, etc. note | Includes bibliographical references and index. |
| 650 #0 - SUBJECT ADDED ENTRY--TOPICAL TERM | |
| Topical term or geographic name entry element | Communism. |
| Topical term or geographic name entry element | Socialism. |
| 700 1# - ADDED ENTRY--PERSONAL NAME | |
| Personal name | Tucker, Robert C. |
| Fuller form of name | (Robert Charles), |
| Dates associated with a name | 1918-2010. |
| Personal name | Engels, Friedrich, |
| Dates associated with a name | 1820-1895. |
| Title of a work | Selections. |
| Language of a work | English. |
| Date of a work | 1978. |
| Personal name | Marx, Karl, |
| Dates associated with a name | 1818-1883. |
| Title of a work | Selections. |
| Language of a work | English. |
| Date of a work | 1978. |
| Withdrawn status | Lost status | Source of classification or shelving scheme | Damaged status | Not for loan | Collection code | Home library | Current library | Shelving location | Date acquired | Serial Enumeration / chronology | Inventory number | Total Checkouts | Full call number | Barcode | Date last seen | Date last checked out | Price effective from | Koha item type |
|---|---|---|---|---|---|---|---|---|---|---|---|---|---|---|---|---|---|---|
| Dewey Decimal Classification | Main TEST | RTC Library | RTC Library | Main opac | 19/08/2022 | 5921 | 1 | 335.4 TUC | 30001466 | 25/08/2022 | 19/08/2022 | 27/11/2018 | Main |